| 000 | 011040000a22002530004500 | ||
|---|---|---|---|
| 003 | EG-GICUC | ||
| 005 | 20250223030146.0 | ||
| 008 | 091222s1943 ua f m 000 0 ara d | ||
| 040 |
_aEG-GiCUC _bara _cEG-GiCUC |
||
| 041 | 0 | _aara | |
| 049 | _aايداع | ||
| 097 | _aماجستير | ||
| 099 | _aCai01.02.03.M.A.1943.يو.ع | ||
| 100 | 0 | _aيوسف خليل جاد الله | |
| 245 | 1 | 0 |
_aعلاقة الامتيازات الاجنبية بالاصلاح القضائى فى عهد اسماعيل باشا 1867-1875 : _bمع الاشارة بوجه خاص الى آثارها السياسية والاجتماعية / _cيوسف خليل جاد الله ؛ اشراف محمد صبرى |
| 260 |
_aالقاهرة : _bيوسف خليل جاد الله : _c1943 |
||
| 300 |
_a235ورقة ؛ _c30سم |
||
| 502 | _aاطروحة(ماجستير) - جامعة القاهرة - كلية الاداب - قسم التاريخ | ||
| 700 | 0 |
_aمحمد صبرى : _eمشرف |
|
| 856 | _uhttp://172.23.153.220/th.pdf | ||
| 905 |
_aEnas _eCataloger |
||
| 905 |
_aMustafa _eRevisor |
||
| 942 |
_2ddc _cTH |
||
| 999 |
_c28833 _d28833 |
||